|
|
|
|
| LEADER |
00000nam a2200000 a 4500 |
| 001 |
vtls008294075 |
| 003 |
SK-MaSNL |
| 005 |
20260302003504.0 |
| 008 |
251031s2005 xo g 000 f slo |
| 015 |
|
|
|a SNBA2006/02-00627
|
| 020 |
|
|
|a 8055110476
|q (viaz.)
|
| 035 |
|
|
|a AEC9926C-9EA3-484F-908A-5AEB7D51DD4E
|
| 035 |
|
|
|a urn:nbn:sk:snk-amlgac
|
| 035 |
|
|
|a urn:nbn:sk:snk-am0093n3
|
| 040 |
|
|
|a SNK
|b slo
|c SNK
|e AACR2
|
| 041 |
1 |
|
|a slo
|h eng
|
| 044 |
|
|
|a xo
|c SK
|
| 072 |
|
7 |
|a 821.111(73)-3
|x Americká próza
|2 konspekt
|
| 080 |
|
|
|a (0:82-312.4)
|2 MDT-MRF
|
| 080 |
|
|
|a 821.111(73)-31
|2 MDT-MRF
|
| 100 |
1 |
|
|a Pearl, Matthew
|d 1975-
|4 aut
|9 642245
|
| 240 |
1 |
4 |
|a The Dante club
|l Slovensky
|
| 245 |
1 |
0 |
|a Danteho klub
|c Matthew Pearl; [ z anglického originálu preložil Hviezdoslav Herman]
|
| 250 |
|
|
|a [1. vyd.]
|
| 260 |
|
|
|a Bratislava
|b Ikar
|c 2005
|
| 655 |
|
7 |
|a americké romány
|2 SNKPH
|9 1174
|
| 655 |
|
7 |
|a detektívne romány
|2 SNKPH
|9 70455
|
| 700 |
1 |
|
|a Herman, Hviezdoslav,
|d 1951-
|4 trl
|9 118980
|
| 919 |
|
|
|a 80-551-1047-6
|
| 958 |
|
|
|a OND
|
| 968 |
|
|
|b ENG
|d 821
|
| 999 |
|
|
|c 992192
|d 994122
|
| 952 |
|
|
|a SNK
|b SNK
|y PREZ
|7 0
|p 17A0491186
|o snkSC 120989 D1
|i snk2005/19977
|8 0
|0 0
|1 0
|4 0
|d 2005-11-23
|l 0
|r 2026-02-24 11:53:08
|w 2026-02-24
|
| 952 |
|
|
|a SNK
|b SNK
|y PREZ
|7 0
|p 17A0480715
|o snkSC 120989
|i snk2005/14113
|8 0
|0 0
|1 0
|4 0
|d 2005-08-11
|f 1
|l 0
|r 2025-05-30 00:00:00
|w 2026-02-24
|